<?xml version="1.0" encoding="UTF-8"?><record xmlns="http://www.loc.gov/MARC21/slim" xmlns:zs="http://docs.oasis-open.org/ns/search-ws/sruResponse">
  <leader>03351nkm a22004693i 4500</leader>
  <controlfield tag="001">22134279</controlfield>
  <controlfield tag="005">20250607110310.6</controlfield>
  <controlfield tag="007">cr |||||||||||</controlfield>
  <controlfield tag="008">210708s1890    xx nnn       |o   injpn  </controlfield>
  <datafield ind1=" " ind2=" " tag="035">
    <subfield code="a">22134279</subfield>
  </datafield>
  <datafield ind1=" " ind2=" " tag="906">
    <subfield code="a">0</subfield>
    <subfield code="b">ibc</subfield>
    <subfield code="c">orignew</subfield>
    <subfield code="d">u</subfield>
    <subfield code="e">ncip</subfield>
    <subfield code="f">20</subfield>
    <subfield code="g">y-gencatlg</subfield>
  </datafield>
  <datafield ind1=" " ind2=" " tag="955">
    <subfield code="a">LCAP batch update 2025-06-02-04:00: LCAPM-999</subfield>
  </datafield>
  <datafield ind1=" " ind2=" " tag="010">
    <subfield code="a">  2021668936</subfield>
  </datafield>
  <datafield ind1=" " ind2=" " tag="035">
    <subfield code="a">(WDL)15133</subfield>
  </datafield>
  <datafield ind1=" " ind2=" " tag="040">
    <subfield code="a">DLC</subfield>
    <subfield code="b">eng</subfield>
    <subfield code="c">DLC</subfield>
  </datafield>
  <datafield ind1=" " ind2=" " tag="041">
    <subfield code="a">jpn</subfield>
  </datafield>
  <datafield ind1=" " ind2=" " tag="066">
    <subfield code="c">$1</subfield>
  </datafield>
  <datafield ind1=" " ind2=" " tag="080">
    <subfield code="a">760</subfield>
  </datafield>
  <datafield ind1=" " ind2=" " tag="080">
    <subfield code="a">952</subfield>
  </datafield>
  <datafield ind1="0" ind2="0" tag="245">
    <subfield code="a">One Hundred Aspects of the Moon: Cloth-Beating Moon - Yūgiri.</subfield>
  </datafield>
  <datafield ind1="3" ind2="1" tag="880">
    <subfield code="6">246-00/$1</subfield>
    <subfield code="a">月百姿　きぬたの月　夕霧</subfield>
  </datafield>
  <datafield ind1=" " ind2=" " tag="260">
    <subfield code="a">Tokyo, Japan :</subfield>
    <subfield code="b">Akiyama Buemon,</subfield>
    <subfield code="c">1890-04.</subfield>
  </datafield>
  <datafield ind1=" " ind2=" " tag="300">
    <subfield code="a">1 online resource.</subfield>
  </datafield>
  <datafield ind1=" " ind2=" " tag="336">
    <subfield code="a">still image</subfield>
    <subfield code="b">sti</subfield>
    <subfield code="2">rdacontent</subfield>
  </datafield>
  <datafield ind1=" " ind2=" " tag="337">
    <subfield code="a">computer</subfield>
    <subfield code="b">c</subfield>
    <subfield code="2">rdamedia</subfield>
  </datafield>
  <datafield ind1=" " ind2=" " tag="338">
    <subfield code="a">online resource</subfield>
    <subfield code="b">cr</subfield>
    <subfield code="2">rdacarrier</subfield>
  </datafield>
  <datafield ind1=" " ind2=" " tag="500">
    <subfield code="a">Title devised, in English, by Library staff.</subfield>
  </datafield>
  <datafield ind1=" " ind2=" " tag="500">
    <subfield code="a">Original resource extent: Polychrome wood block print.</subfield>
  </datafield>
  <datafield ind1="4" ind2=" " tag="510">
    <subfield code="a">Reference extracted from World Digital Library: John Stevenson, Yoshitoshi's One Hundred Aspects of the Moon (Leiden: Hotei Publishing, 2001).|Iwakiri Yuriko, Yoshitoshi Tuki Hyakushi (Tokyo: Tokyodo Shuppan, 2010).</subfield>
  </datafield>
  <datafield ind1=" " ind2=" " tag="520">
    <subfield code="a">This print is from Tsuki hyakushi (One hundred aspects of the moon), a collection of 100 large, moon-themed nishiki-e (multicolored woodblock prints) by Tsukioka Yoshitoshi (1839-92). The prints were published in batches by Akiyama Buemon between 1885 and 1892. They depict various aspects of the moon, drawing upon Japanese and Chinese anecdotes, historical events, and mythology, and relate to a wide range of subjects, including famous warriors, notable women, birds and animals, and goblins and ghosts. The print is contained in a folding book consisting of all 100 prints from Tsuki hyakushi and two indexes that were created after the series was completed. It is believed to have been bound by its former owner. A preface that was written at the same time as the indexes were compiled is not included in the book. Scholars believe that the order of the pictures in the album does not follow the order in which they were published, but instead their order in the indexes, although there are some variations. Tsukioka Yoshitoshi was an ukiyo-e artist from the school of Utagawa Kuniyoshi (1797--1861), active from the Bakumatsu (final years of the Shogunate) into the Meiji Period. He created a wide range of works, including bijin-ga (pictures of beautiful women), fuzoku-ga (pictures of manners and customs), and pictures of historical and literary characters. Completed in the year that he died, this series is highly regarded as the masterpiece of his later years.</subfield>
  </datafield>
  <datafield ind1="1" ind2=" " tag="535">
    <subfield code="3">Original resource at:</subfield>
    <subfield code="a">National Diet Library.</subfield>
  </datafield>
  <datafield ind1=" " ind2=" " tag="546">
    <subfield code="a">Content in Japanese.</subfield>
  </datafield>
  <datafield ind1="0" ind2=" " tag="588">
    <subfield code="a">Description based on data extracted from World Digital Library, which may be extracted from partner institutions.</subfield>
  </datafield>
  <datafield ind1=" " ind2="0" tag="653">
    <subfield code="a">1890-04</subfield>
  </datafield>
  <datafield ind1=" " ind2="0" tag="653">
    <subfield code="a">Art, Japanese</subfield>
    <subfield code="a">Japanese drama</subfield>
    <subfield code="a">Moon</subfield>
    <subfield code="a">Nō plays</subfield>
    <subfield code="a">Ukiyo-e</subfield>
    <subfield code="a">Woodcuts</subfield>
  </datafield>
  <datafield ind1=" " ind2=" " tag="720">
    <subfield code="a">Noguchi, Enkatsu</subfield>
    <subfield code="e">Engraver.</subfield>
  </datafield>
  <datafield ind1=" " ind2=" " tag="720">
    <subfield code="a">Tsukioka, Yoshitoshi, 1839-1892</subfield>
    <subfield code="e">Artist.</subfield>
  </datafield>
  <datafield ind1=" " ind2=" " tag="752">
    <subfield code="a">Japan</subfield>
  </datafield>
  <datafield ind1="0" ind2=" " tag="773">
    <subfield code="t">One Hundred Aspects of the Moon</subfield>
  </datafield>
  <datafield ind1="4" ind2="0" tag="856">
    <subfield code="d">gdcwdl</subfield>
    <subfield code="f">wdl_15133</subfield>
    <subfield code="u">https://hdl.loc.gov/loc.wdl/wdl.15133</subfield>
  </datafield>
  <datafield ind1=" " ind2=" " tag="985">
    <subfield code="a">wdl/wdlpartner/wdldiet</subfield>
  </datafield>
  <datafield ind1=" " ind2=" " tag="991">
    <subfield code="b">s-Online</subfield>
    <subfield code="h">Electronic Resource</subfield>
  </datafield>
</record>
